Vstup SR do eurozóny

Bibliographic Details
Main Author: Kohútiková, Elena (Author)
Format: Article
Language:Slovak
ISBN:808917700X

MARC

LEADER 00000naa a2200000uu 4500
001 vtls011048443
003 SK-MaSNL
005 20260302112838.0
008 210904|2004 xo |||||||||||||||||slo|
015 |a SNBRA 
035 |a (urnnbn)urn:nbn:sk:snk:ar-0095xz 
035 |a (uuid)1b8b1c83-f00e-4beb-bf0e-d53d95d7c723 
035 |a urn:nbn:sk:snk-aauzhd 
040 |a SNKBUCL  |b slo  |c SNKBUCL  |e AACR2 
041 0 |a slo 
044 |a xo  |c SK 
100 1 |a Kohútiková, Elena  |4 aut  |9 722162 
245 1 0 |a Vstup SR do eurozóny  |c Elena Kohútiková 
773 0 |t Ekonomika SR v rokoch 2002-2006 - jej proreformný kurz  |d Bratislava : M. E. S. A. 10 Centrum pre ekonomické a sociálne analýzy], 2004  |g S. 38-40  |z 808917700X 
958 |a OND 
958 |a article12 
958 |a chapter 
999 |c 1253607  |d 1255537